[Event "Stockholm Hotel N GM 4th"]
[Site "Upplands Vasby"]
[Date "2025.06.11"]
[Round "6"]
[White "Domalchuk Jonasson, Aleksandr"]
[Black "Blomqvist, Erik"]
[Result "0-1"]
[WhiteElo "2350"]
[BlackElo "2448"]
[PlyCount "114"]
[EventDate "2025.06.09"]
[EventType "tourn"]
[EventRounds "9"]
[EventCountry "SWE"]
[EventCategory "8"]
[SourceTitle "CB26_2025"]
[SourceDate "2025.06.25"]
[SourceVersion "1"]
[SourceVersionDate "2025.06.25"]
[SourceQuality "1"]

1. d4 d5 2. c4 c6 3. cxd5 cxd5 4. Nc3 Nf6 5. Bf4 Nc6 6. e3 Bf5 7. Qb3 Na5 8. Qa4+ Bd7 9. Qc2 e6 10. Nf3 Rc8 11. Bd3 Bb4 12. 0-0 Nh5 13. Be5 f6 14. Bg3 Nxg3 15. hxg3 Nc4 16. Rfc1 Nd6 17. a3 Bxc3 18. bxc3 Bb5 19. Bxb5+ Nxb5 20. Qa4 Qd7 21. c4 Nd6 22. Qxd7+ Kxd7 23. c5 Nc4 24. Kf1 b6 25. cxb6 axb6 26. Ke2 Ra8 27. Rc3 b5 28. Nd2 Rhb8 29. Rb3 Ra4 30. Kd3 h6 31. Ra2 e5 32. Nb1 e4+ 33. Ke2 Kc6 34. Nc3 Ra5 35. a4 b4 36. Nb5 Rbxb5 37. axb5+ Kxb5 38. Rxa5+ Nxa5 39. Rb1 b3 40. f3 f5 41. g4 g6 42. gxf5 gxf5 43. fxe4 fxe4 44. Rh1 Nc4 45. Kd1 Nxe3+ 46. Kd2 Nc4+ 47. Kc3 b2 48. Kc2 e3 49. Rxh6 Nd2 50. Rh1 b1Q+ 51. Rxb1+ Nxb1 52. Kd3 Nd2 53. Kxe3 Ne4 54. Kf4 Kc4 55. Ke5 Ng3 56. Kf4 Kxd4 57. Kxg3 Ke3 0-1

[Event "Kuressaare Saaremaa Rapid op"]
[Site "Kuressaare"]
[Date "2025.06.01"]
[Round "9"]
[White "Blomqvist, Erik"]
[Black "Keinanen, Toivo"]
[Result "0-1"]
[WhiteElo "2448"]
[BlackElo "2532"]
[PlyCount "80"]
[EventDate "2025.05.31"]
[EventType "swiss (rapid)"]
[EventRounds "11"]
[EventCountry "EST"]
[SourceTitle "CB28_2025"]
[SourceDate "2025.07.09"]
[SourceVersion "1"]
[SourceVersionDate "2025.07.09"]
[SourceQuality "1"]

1. e4 e6 2. d4 d5 3. e5 c5 4. c3 Qb6 5. Nf3 Bd7 6. Be2 Bb5 7. dxc5 Bxc5 8. b4 Bxf2+ 9. Kf1 Bc6 10. a4 a6 11. Na3 Qa7 12. a5 Be3 13. b5 axb5 14. Nxb5 Bxb5 15. Bxb5+ Kf8 16. Nd4 Bxc1 17. Qxc1 Nc6 18. Qf4 Nxd4 19. cxd4 Ne7 20. Kf2 g5 21. Qd2 Nf5 22. Ra4 h6 23. g4 Nh4 24. Kg3 Kg7 25. Qf2 f5 26. exf6+ Kf7 27. Re1 Qb8+ 28. Kh3 Ng6 29. Kg2 Qd6 30. Kf1 Qf4 31. Rb4 Kxf6 32. Bd7 Qxf2+ 33. Kxf2 Nf4 34. Re3 Rxa5 35. Rxb7 Ra2+ 36. Kf1 Rha8 37. Rb6 Rxh2 38. Bxe6 Ra1+ 39. Re1 Rxe1+ 40. Kxe1 Nxe6 0-1

[Event "Kuressaare Saaremaa Rapid op"]
[Site "Kuressaare"]
[Date "2025.05.31"]
[Round "6"]
[White "Rychagov, Nikita1"]
[Black "Blomqvist, Erik"]
[Result "1-0"]
[WhiteElo "2231"]
[BlackElo "2448"]
[PlyCount "61"]
[EventDate "2025.05.31"]
[EventType "swiss (rapid)"]
[EventRounds "11"]
[EventCountry "EST"]
[SourceTitle "CB28_2025"]
[SourceDate "2025.07.09"]
[SourceVersion "1"]
[SourceVersionDate "2025.07.09"]
[SourceQuality "1"]

1. e4 e6 2. d4 d5 3. e5 c5 4. c3 Nc6 5. Nf3 Bd7 6. Be2 Rc8 7. 0-0 h6 8. a3 Nge7 9. dxc5 g5 10. b4 Bg7 11. Re1 Nxe5 12. Nxe5 Bxe5 13. Ra2 Qc7 14. g3 0-0 15. Bd3 Bg7 16. Qh5 f6 17. h4 Be8 18. Qe2 e5 19. hxg5 fxg5 20. c4 Bf7 21. cxd5 Nxd5 22. Rc2 Rce8 23. Nd2 Nf6 24. Ne4 Bd5 25. Bc4 Bxc4 26. Qxc4+ Kh8 27. Nd6 Rd8 28. Bb2 Qd7 29. Bxe5 Ng4 30. Bxg7+ Kxg7 31. Rce2 1-0

[Event "Kuressaare Saaremaa Blitz op"]
[Site "Kuressaare"]
[Date "2025.05.30"]
[Round "10"]
[White "Blomqvist, Erik"]
[Black "Larkin, Vladislav"]
[Result "1/2-1/2"]
[WhiteElo "2448"]
[BlackElo "2450"]
[PlyCount "183"]
[EventDate "2025.05.30"]
[EventType "swiss (blitz)"]
[EventRounds "11"]
[EventCountry "EST"]
[SourceTitle "CB28_2025"]
[SourceDate "2025.07.09"]
[SourceVersion "1"]
[SourceVersionDate "2025.07.09"]
[SourceQuality "1"]

1. e4 d6 2. d4 Nf6 3. Bd3 Nc6 4. Nf3 g6 5. 0-0 Bg7 6. d5 Nb8 7. c4 0-0 8. Nc3 Bg4 9. h3 Bxf3 10. Qxf3 c6 11. Bg5 Nfd7 12. Rac1 h6 13. Be3 Na6 14. Qe2 Rc8 15. Qd2 Kh7 16. f4 e6 17. Bb1 Qe7 18. dxc6 Rxc6 19. Nb5 Nac5 20. Nxa7 Ra6 21. Nb5 f5 22. exf5 gxf5 23. Rfd1 d5 24. cxd5 exd5 25. Bxc5 Nxc5 26. Qxd5 Qe3+ 27. Kh1 Ne4 28. Bxe4 fxe4 29. Nd6 Qxf4 30. Qxe4+ Qxe4 31. Nxe4 Rxa2 32. Rc7 Kh8 33. Rxb7 Rxb2 34. Rxb2 Bxb2 35. g3 Re8 36. Nf2 Re2 37. Kg2 Be5 38. Kf3 Ra2 39. Rd7 Ra3+ 40. Nd3 Bg7 41. Kg4 Kg8 42. Nf4 Ra4 43. Kf5 Ra5+ 44. Nd5 Ra6 45. Ne7+ Kf8 46. Ng6+ Kg8 47. Rd8+ Kh7 48. Nf4 Ra5+ 49. Kg4 Ra7 50. Re8 Bd4 51. h4 Rg7+ 52. Kf3 Ra7 53. Ke4 Bg7 54. Kf5 Ra5+ 55. Kg4 Ra7 56. Nh5 Rb7 57. Re6 Rb4+ 58. Nf4 Rb7 59. Kh3 Ra7 60. Kg4 Rb7 61. Ra6 Rd7 62. Ne6 Rb7 63. Ra5 Re7 64. Kf5 Rf7+ 65. Kg4 Re7 66. Nf4 Rb7 67. Rd5 Ra7 68. Ne6 Rb7 69. Kh5 Ra7 70. g4 Re7 71. Nf4 Re5+ 72. Rxe5 Bxe5 73. Ng6 Bf6 74. Nf8+ Kg7 75. Ne6+ Kh7 76. Nc7 Bd8 77. Nd5 Kg7 78. Ne3 Kh7 79. Nf5 Bf6 80. Ng3 Be7 81. Ne4 Bd8 82. Nc5 Be7 83. Ne6 Bf6 84. Nf8+ Kg7 85. Ng6 Bd8 86. Nf4 Kh7 87. Ne6 Be7 88. Nd4 Bf6 89. Nf5 Bd8 90. Nxh6 Bxh4 91. Kxh4 Kxh6 92. g5+ 1/2-1/2

[Event "Kuressaare Saaremaa Blitz op"]
[Site "Kuressaare"]
[Date "2025.05.30"]
[Round "9"]
[White "Kulaots, Kaido"]
[Black "Blomqvist, Erik"]
[Result "0-1"]
[WhiteElo "2504"]
[BlackElo "2448"]
[PlyCount "46"]
[EventDate "2025.05.30"]
[EventType "swiss (blitz)"]
[EventRounds "11"]
[EventCountry "EST"]
[SourceTitle "CB28_2025"]
[SourceDate "2025.07.09"]
[SourceVersion "1"]
[SourceVersionDate "2025.07.09"]
[SourceQuality "1"]

1. e4 e6 2. d4 d5 3. Nc3 Bb4 4. e5 c5 5. a3 Bxc3+ 6. bxc3 Nc6 7. Qg4 g6 8. h4 h6 9. h5 g5 10. f4 f5 11. Qg3 g4 12. dxc5 Qa5 13. Ne2 Bd7 14. Rb1 0-0-0 15. Bd2 Qxc5 16. c4 dxc4 17. Be3 Qxa3 18. Qf2 Be8 19. Bc5 Qa5+ 20. c3 Qa2 21. Rd1 Rxd1+ 22. Kxd1 Nxe5 23. Qd4 Ba4+ 0-1

[Event "Stockholm blitz op"]
[Site "Stockholm"]
[Date "2025.05.04"]
[Round "5"]
[White "Sivuk, Vitaly"]
[Black "Blomqvist, Erik"]
[Result "0-1"]
[WhiteElo "2432"]
[BlackElo "2401"]
[PlyCount "57"]
[EventDate "2025.05.04"]
[EventType "swiss (blitz)"]
[EventRounds "13"]
[EventCountry "SWE"]
[SourceTitle "CB19_2025"]
[SourceDate "2025.05.07"]
[SourceVersion "1"]
[SourceVersionDate "2025.05.07"]
[SourceQuality "1"]

1. c4 e5 2. Nc3 Nf6 3. g3 c6 4. Nf3 e4 5. Nd4 Qb6 6. Nb3 a5 7. d3 a4 8. Nd2 exd3 9. Bg2 Bb4 10. 0-0 0-0 11. exd3 Qa5 12. Qc2 d5 13. a3 Bxc3 14. bxc3 Bf5 15. cxd5 cxd5 16. c4 Rc8 17. Bb2 Nbd7 18. Rfe1 h6 19. Rac1 Qa6 20. Qc3 Nc5 21. Bf1 dxc4 22. dxc4 Rd8 23. Nf3 Nd3 24. c5 Qa7 25. Nh4 Bh7 26. Bg2 Rac8 27. Rcd1 Rxc5 28. Qd2 Rdc8 29. Bxf6 0-1

[Event "Tartu Rapid op"]
[Site "Tartu"]
[Date "2025.04.24"]
[Round "6"]
[White "Blomqvist, Erik"]
[Black "Shvyrjov, Igor"]
[Result "1-0"]
[WhiteElo "2453"]
[BlackElo "2308"]
[PlyCount "181"]
[EventDate "2025.04.24"]
[EventType "swiss (rapid)"]
[EventRounds "11"]
[EventCountry "EST"]
[SourceTitle "CB20_2025"]
[SourceDate "2025.05.14"]
[SourceVersion "1"]
[SourceVersionDate "2025.05.14"]
[SourceQuality "1"]

1. e4 g6 2. d4 Bg7 3. Nf3 d6 4. Be3 c6 5. h3 Qb6 6. Qc1 Nf6 7. Bd3 0-0 8. 0-0 Nbd7 9. Nbd2 Re8 10. a4 Qc7 11. a5 c5 12. c3 e5 13. dxe5 Nxe5 14. Nxe5 dxe5 15. Qc2 Nh5 16. Rfd1 Nf4 17. Bf1 Be6 18. Bc4 Bd7 19. Qb3 Bc6 20. Bxc5 Bf8 21. Be3 Kg7 22. Bb5 Red8 23. Qc4 Rd7 24. Bxc6 bxc6 25. Nf3 Rad8 26. Rxd7 Rxd7 27. Bxf4 exf4 28. e5 g5 29. e6 Rd5 30. exf7 Qxf7 31. Qxc6 h5 32. c4 Rc5 33. Qe4 Rxc4 34. Qe5+ Qf6 35. Qxg5+ Qxg5 36. Nxg5 Bb4 37. b3 Rc6 38. Ra4 Rc1+ 39. Kh2 Bc5 40. Ne6+ Kh6 41. Nxc5 Rxc5 42. Rxf4 Rxa5 43. Ra4 Rb5 44. Rxa7 Rxb3 45. h4 Kg6 46. Ra5 Rb6 47. f3 Rc6 48. Kg3 Rd6 49. Rg5+ Kh6 50. Kf4 Rd4+ 51. Kg3 Ra4 52. Rb5 Ra6 53. Kh3 Rf6 54. Ra5 Kg6 55. Kg3 Kh6 56. Re5 Kg6 57. Rg5+ Kh6 58. Kf2 Rf4 59. g3 Ra4 60. Ke3 Rb4 61. Rd5 Kg6 62. Rd4 Rb5 63. Rd6+ Kg7 64. Kf4 Rc5 65. g4 Rb5 66. Re6 Rb4+ 67. Re4 Rb5 68. Re5 Rb4+ 69. Kg5 hxg4 70. fxg4 Rb7 71. Ra5 Kh7 72. h5 Rg7+ 73. Kf5 Rf7+ 74. Kg5 Rg7+ 75. Kh4 Rf7 76. Ra6 Re7 77. Kg3 Re4 78. Kh4 Re5 79. Ra7+ Kg8 80. h6 Kh8 81. g5 Re1 82. Kh5 Re8 83. Kg6 Kg8 84. Rg7+ Kh8 85. Rh7+ Kg8 86. Rb7 Re6+ 87. Kf5 Re8 88. g6 Rf8+ 89. Kg5 Ra8 90. h7+ Kh8 91. Kh6 1-0

[Event "Tartu Rapid op"]
[Site "Tartu"]
[Date "2025.04.24"]
[Round "3"]
[White "Rychagov, Nikita1"]
[Black "Blomqvist, Erik"]
[Result "1/2-1/2"]
[WhiteElo "2231"]
[BlackElo "2453"]
[PlyCount "120"]
[EventDate "2025.04.24"]
[EventType "swiss (rapid)"]
[EventRounds "11"]
[EventCountry "EST"]
[SourceTitle "CB20_2025"]
[SourceDate "2025.05.14"]
[SourceVersion "1"]
[SourceVersionDate "2025.05.14"]
[SourceQuality "1"]

1. e4 e6 2. d4 d5 3. e5 c5 4. c3 Nc6 5. Nf3 Bd7 6. Be2 Rc8 7. 0-0 h6 8. dxc5 Bxc5 9. Bd3 Nge7 10. Nbd2 0-0 11. Nb3 Bb6 12. Qe2 f6 13. exf6 Rxf6 14. Be3 Be8 15. Bxb6 Qxb6 16. Nbd4 Bh5 17. Qe3 Bg6 18. Nxc6 bxc6 19. Qxb6 axb6 20. Bxg6 Nxg6 21. Rfe1 Kf7 22. Re3 Ke7 23. Rae1 Kd6 24. Ne5 Nxe5 25. Rxe5 Ra8 26. a3 Ra4 27. f3 b5 28. R5e2 c5 29. Kf2 g5 30. h3 b4 31. axb4 cxb4 32. cxb4 Rxb4 33. Rc1 h5 34. Rc8 g4 35. hxg4 hxg4 36. Rec2 gxf3 37. gxf3 Rb3 38. R8c6+ Ke5 39. R6c3 Rb8 40. Rd2 Rb4 41. Rcd3 Rf8 42. Ke3 Rfb8 43. Rh2 Rxb2 44. f4+ Kd6 45. Rh6 Rf8 46. Ra3 Rb6 47. Rg6 Kc5 48. Rc3+ Kd6 49. Ra3 Rf7 50. Rh6 Rg7 51. Ra8 Rb3+ 52. Kf2 Rb6 53. f5 Ke5 54. fxe6 Rxe6 55. Rxe6+ Kxe6 56. Ke3 Rg3+ 57. Kd4 Rg4+ 58. Kd3 Ke5 59. Re8+ Kd6 60. Rd8+ Ke7 1/2-1/2

[Event "Fagernes op"]
[Site "Fagernes"]
[Date "2025.04.14"]
[Round "2"]
[White "Blomqvist, Erik"]
[Black "Melaa, Sondre Lillestol"]
[Result "0-1"]
[WhiteElo "2475"]
[BlackElo "2344"]
[PlyCount "84"]
[EventDate "2025.04.13"]
[EventType "swiss"]
[EventRounds "9"]
[EventCountry "NOR"]
[SourceTitle "CB17_2025"]
[SourceDate "2025.04.23"]
[SourceVersion "1"]
[SourceVersionDate "2025.04.23"]
[SourceQuality "1"]

1. e4 e5 2. Nf3 Nc6 3. Bb5 a6 4. Ba4 Nf6 5. d3 b5 6. Bb3 Bc5 7. 0-0 d6 8. c3 h6 9. Re1 0-0 10. Nbd2 Re8 11. Nf1 Bb6 12. Ng3 Be6 13. Bxe6 Rxe6 14. Nh4 d5 15. Qf3 Nxe4 16. dxe4 Qxh4 17. exd5 Rf6 18. Nf5 Qxf2+ 19. Qxf2 Bxf2+ 20. Kxf2 Rxf5+ 21. Kg1 Ne7 22. g4 Rf6 23. Rxe5 Ng6 24. Re4 Rd6 25. a4 Rad8 26. axb5 axb5 27. Be3 Rxd5 28. Ra7 Rd1+ 29. Kf2 c6 30. Rc7 R1d6 31. Bd4 Nf8 32. Ree7 R8d7 33. Rexd7 Nxd7 34. Rc8+ Kh7 35. Rd8 Kg6 36. b4 f6 37. Kg3 Nc5 38. Rc8 Ne6 39. Bc5 Rd3+ 40. Kg2 Rxc3 41. Rxc6 Nf4+ 42. Kf2 Nd3+ 0-1

[Event "Titled Tuesday intern op 25th Mar Early"]
[Site "Chess.com INT"]
[Date "2025.03.25"]
[Round "10"]
[White "Ermolaev, Evgeny"]
[Black "Blomqvist, Erik"]
[Result "1-0"]
[WhiteElo "2282"]
[BlackElo "2460"]
[PlyCount "97"]
[EventDate "2025.03.25"]
[EventType "swiss (blitz)"]
[EventRounds "11"]
[EventCountry "USA"]
[SourceTitle "CB14_2025"]
[SourceDate "2024.11.01"]
[SourceVersion "1"]
[SourceVersionDate "2024.11.01"]
[SourceQuality "1"]

1. d4 d5 2. c4 e6 3. Nf3 Nc6 4. g3 dxc4 5. Bg2 Rb8 6. 0-0 Nf6 7. Ne5 Nxd4 8. e3 Nc6 9. Bxc6+ bxc6 10. Qxd8+ Kxd8 11. Nxc6+ Ke8 12. Nxb8 Bb7 13. Nd2 Bb4 14. Nxc4 Ke7 15. a3 Bd6 16. Nxd6 cxd6 17. Bd2 Rxb8 18. Rac1 Kd7 19. Ba5 Bc6 20. Bb4 Nd5 21. Bc3 e5 22. b4 f6 23. e4 Nxc3 24. Rxc3 Bxe4 25. Rfc1 Rb7 26. Rc8 d5 27. f4 Bf5 28. fxe5 fxe5 29. Rf8 Be6 30. Kf2 d4 31. Rcc8 Kd6 32. Rcd8+ Kc6 33. Rfe8 Rf7+ 34. Ke1 Bc4 35. Rxe5 Rf1+ 36. Kd2 Rf2+ 37. Kc1 Kc7 38. Rxd4 Bb3 39. Rc5+ Kb7 40. Rc3 Ba4 41. Rd2 Rf1+ 42. Kb2 Rf5 43. Re3 Rf7 44. Rde2 Rf5 45. Re7+ Kc6 46. Rxg7 h5 47. Rxa7 Bb5 48. Rc2+ Kd6 49. Ra5 1-0

[Event "Titled Tuesday intern op 11th Mar Early"]
[Site "Chess.com INT"]
[Date "2025.03.11"]
[Round "5"]
[White "Szpar, Milosz"]
[Black "Blomqvist, Erik"]
[Result "1-0"]
[WhiteElo "2449"]
[BlackElo "2460"]
[PlyCount "61"]
[EventDate "2025.03.11"]
[EventType "swiss (blitz)"]
[EventRounds "11"]
[EventCountry "USA"]
[SourceTitle "CB12_2025"]
[SourceDate "2025.03.19"]
[SourceVersion "1"]
[SourceVersionDate "2025.03.19"]
[SourceQuality "1"]

1. e4 e6 2. d4 d5 3. Nc3 Nf6 4. e5 Nfd7 5. Nce2 c5 6. c3 Nc6 7. Nf3 Be7 8. a3 Qa5 9. Be3 Nxd4 10. Nexd4 cxd4 11. Bxd4 Qc7 12. Bd3 Nc5 13. Bc2 Bd7 14. Qe2 0-0 15. h4 h6 16. Ng5 a6 17. Qg4 Ba4 18. Bb1 Nb3 19. Nxf7 Rxf7 20. Qg6 Kf8 21. Qh7 Ke8 22. Bg6 Bf8 23. Rd1 Ke7 24. Qg8 Be8 25. 0-0 Rf4 26. h5 Bxg6 27. hxg6 Ke8 28. Qxe6+ Qe7 29. Qxd5 Qd7 30. Qxb3 Rg4 31. e6 1-0

[Event "Titled Tuesday intern op 04th Mar Early"]
[Site "Chess.com INT"]
[Date "2025.03.04"]
[Round "2"]
[White "Jumabayev, Rinat"]
[Black "Blomqvist, Erik"]
[Result "1-0"]
[WhiteElo "2549"]
[BlackElo "2460"]
[PlyCount "73"]
[EventDate "2025.03.04"]
[EventType "swiss (blitz)"]
[EventRounds "11"]
[EventCountry "USA"]
[SourceTitle "CB11_2025"]
[SourceDate "2025.03.12"]
[SourceVersion "1"]
[SourceVersionDate "2025.03.12"]
[SourceQuality "1"]

1. d4 Nf6 2. Nf3 d5 3. c4 e6 4. g3 Bb4+ 5. Bd2 a5 6. Bg2 0-0 7. 0-0 dxc4 8. Qc2 Bxd2 9. Nbxd2 b5 10. Ne5 Ra6 11. a4 c6 12. e3 Nd5 13. Ne4 f6 14. Nf3 Nd7 15. b3 cxb3 16. Qxb3 b4 17. Rfc1 Qe7 18. Nfd2 f5 19. Nc5 Nxc5 20. Rxc5 Nc3 21. Nc4 Kh8 22. Nxa5 Bd7 23. Qxb4 Nd5 24. Qb3 e5 25. Nxc6 Bxc6 26. Bxd5 Bd7 27. Qc3 exd4 28. Qxd4 Rxa4 29. Rxa4 Bxa4 30. Ra5 Bd7 31. Ra7 Qd6 32. h4 h6 33. Kg2 Rd8 34. Kh2 Qb8 35. Rb7 Qd6 36. Rb6 Qe7 37. Rxh6# 1-0

[Event "Titled Tuesday intern op 04th Mar Early"]
[Site "Chess.com INT"]
[Date "2025.03.04"]
[Round "10"]
[White "Paulsen, Dirk"]
[Black "Blomqvist, Erik"]
[Result "0-1"]
[WhiteElo "2309"]
[BlackElo "2460"]
[PlyCount "128"]
[EventDate "2025.03.04"]
[EventType "swiss (blitz)"]
[EventRounds "11"]
[EventCountry "USA"]
[SourceTitle "CB11_2025"]
[SourceDate "2025.03.12"]
[SourceVersion "1"]
[SourceVersionDate "2025.03.12"]
[SourceQuality "1"]

1. d4 Nf6 2. c4 e6 3. Nf3 d5 4. Nc3 Bb4 5. Qa4+ Nc6 6. e3 0-0 7. Bd2 Re8 8. Be2 dxc4 9. Bxc4 a6 10. Qc2 h6 11. 0-0 Bd6 12. a3 e5 13. dxe5 Nxe5 14. Nxe5 Bxe5 15. f4 Bxc3 16. Bxc3 Ng4 17. e4 Qe7 18. Bd5 Ne3 19. Qf2 Nxf1 20. Rxf1 c6 21. Qg3 Qf8 22. Bb4 c5 23. Bc3 Be6 24. Bxb7 Ra7 25. Bc6 Rc8 26. Ba4 f5 27. exf5 Qxf5 28. Re1 Qg4 29. Qe3 Bd5 30. Qf2 Rf7 31. Be5 h5 32. Bd1 Qf5 33. Bc2 Qg4 34. Bd1 Qg6 35. Bc2 Qh6 36. f5 Re8 37. Qxc5 Qd2 38. Qf2 Qxf2+ 39. Kxf2 Rfe7 40. Bc3 Rxe1 41. Bxe1 Bxg2 42. Bc3 Bd5 43. Bd3 Rf8 44. Ke3 Bb3 45. Kf4 Ra8 46. h4 Kf7 47. Kg5 a5 48. Be4 Ra6 49. Bf3 a4 50. Bxh5+ Ke7 51. Bf3 Kf7 52. Bh5+ Kg8 53. Bf3 Rd6 54. h5 Rd3 55. Be4 Re3 56. Kf4 Re2 57. Bf3 Rh2 58. Kg3 Rc2 59. Kf4 Rc1 60. Kg3 Rf1 61. Kf4 Rf2 62. Ke3 Rf1 63. Ke4 Bc2+ 64. Ke3 Bb3 0-1